[Event "Calvia Amateur Open"]
[Site "Mallorca"]
[Date "2008.10.10"]
[Round "1.1"]
[White "Van Lankveld, Wil"]
[Black "Massanet Massanet, Sebastian"]
[Result "0-1"]
[WhiteElo "2020"]
[BlackElo "2299"]
[PlyCount "60"]
[EventDate "2008.10.10"]
[EventType "swiss"]
[EventRounds "9"]
[EventCountry "ESP"]

1. e4 e6 2. Nf3 d5 3. Nc3 Nf6 4. e5 Nfd7 5. d4 c5 6. dxc5 Nc6 7. Bf4 Nxc5 8.
Bd3 Be7 9. Qd2 Nxd3+ 10. Qxd3 Nb4 11. Qe2 O-O 12. O-O a6 13. a3 Nc6 14. Rad1
Qb6 15. b4 Qc7 16. Qe3 b5 17. Nd4 Nxd4 18. Rxd4 Qb6 19. Ne2 Bd7 20. Qg3 Rfc8
21. Bh6 g6 22. c3 Rc4 23. Rxc4 bxc4 24. h4 a5 25. h5 axb4 26. axb4 Ra3 27. Nf4
Be8 28. hxg6 fxg6 29. Nh5 Qc7 30. Qf4 gxh5 0-1

[Event "Calvia Amateur Open"]
[Site "Mallorca"]
[Date "2008.10.10"]
[Round "1.2"]
[White "Scherer, Helmut"]
[Black "Cerdo Fernandez, Miguel"]
[Result "1-0"]
[WhiteElo "2299"]
[BlackElo "2013"]
[PlyCount "81"]
[EventDate "2008.10.10"]
[EventType "swiss"]
[EventRounds "9"]
[EventCountry "ESP"]

1. e4 Nf6 2. e5 Nd5 3. d4 d6 4. Nf3 g6 5. Ng5 f6 6. exf6 exf6 7. Nf3 Bg7 8. Be2
Be6 9. c4 Ne7 10. d5 Bf7 11. Nc3 Nd7 12. Nd4 O-O 13. Bf4 Re8 14. Qd2 Ne5 15.
O-O-O c6 16. dxc6 bxc6 17. b3 d5 18. c5 Qa5 19. Na4 Qxd2+ 20. Bxd2 Nd7 21. Ba6
Rab8 22. Rhe1 Bf8 23. a3 f5 24. Bg5 h6 25. Bf4 Kh7 26. b4 Nf6 27. Bxb8 Rxb8 28.
Re2 Ne4 29. f3 Nf6 30. Rde1 Re8 31. Nb2 f4 32. Nd3 g5 33. Ne5 Bh5 34. Nexc6
Nxc6 35. Nxc6 Rxe2 36. Rxe2 g4 37. Bd3+ Kg7 38. Nxa7 gxf3 39. gxf3 Bxf3 40. Rf2
Be4 41. Bxe4 1-0

[Event "Calvia Amateur Open"]
[Site "Mallorca"]
[Date "2008.10.10"]
[Round "1.3"]
[White "Alvarez Morales, Miguel"]
[Black "Garcia Del Rey, Senen"]
[Result "1/2-1/2"]
[WhiteElo "2009"]
[BlackElo "2295"]
[PlyCount "134"]
[EventDate "2008.10.10"]
[EventType "swiss"]
[EventRounds "9"]
[EventCountry "ESP"]

1. c4 e5 2. Nc3 d6 3. Nf3 f5 4. g3 Nf6 5. Bg2 e4 6. Nd4 Nc6 7. Nxc6 bxc6 8. d4
Be7 9. Bg5 O-O 10. e3 Rb8 11. b3 Ng4 12. Bxe7 Qxe7 13. Rc1 Bd7 14. Ne2 g5 15.
Qd2 Rbe8 16. Rc3 Rf7 17. h3 Nf6 18. Rc2 f4 19. gxf4 Nh5 20. fxg5 Ref8 21. Rf1
Qxg5 22. Bxe4 Qh4 23. Nc3 Kh8 24. Rg1 Bxh3 25. Bxc6 Nf6 26. Bf3 Bf5 27. Rh1 Qg5
28. e4 Qxd2+ 29. Rxd2 Bg6 30. Re2 c5 31. dxc5 Nd7 32. Bh5 Bxh5 33. Rxh5 Nxc5
34. Rd5 Rf3 35. Nd1 Nd3+ 36. Kd2 Nf4 37. Ke1 Nxe2 38. Kxe2 R3f6 39. c5 dxc5 40.
Rxc5 Kg7 41. Rg5+ Rg6 42. Rxg6+ Kxg6 43. Ke3 Kg5 44. f3 Kh4 45. f4 Kg3 46. f5
h5 47. Nf2 h4 48. b4 Rb8 49. f6 h3 50. e5 Rb5 51. f7 Rxe5+ 52. Ne4+ Rxe4+ 53.
Kxe4 h2 54. f8=Q h1=Q+ 55. Kd4 Qa1+ 56. Kc5 Qxa2 57. Qg7+ Kf4 58. Qf6+ Ke4 59.
Qd4+ Kf3 60. b5 Qc2+ 61. Kd6 Qh2+ 62. Kd7 Qb8 63. Qc3+ Ke4 64. Qc4+ Ke5 65. Qc6
Kd4 66. Qf6+ Kc4 67. Qe6+ Kb4 1/2-1/2

[Event "Calvia Amateur Open"]
[Site "Mallorca"]
[Date "2008.10.10"]
[Round "1.4"]
[White "Barcelo Pujadas, Pedro Jose"]
[Black "Perez Prieto, German"]
[Result "1-0"]
[WhiteElo "2269"]
[BlackElo "2009"]
[PlyCount "81"]
[EventDate "2008.10.10"]
[EventType "swiss"]
[EventRounds "9"]
[EventCountry "ESP"]

1. Nf3 Nf6 2. c4 d6 3. g3 g6 4. Bg2 Bg7 5. d4 O-O 6. O-O Nbd7 7. Nc3 e5 8. h3
c6 9. e4 h6 10. Be3 Rb8 11. dxe5 dxe5 12. Bxa7 Ra8 13. Be3 Qe7 14. Qc2 Nc5 15.
b4 Na6 16. a3 Nd7 17. c5 f5 18. exf5 gxf5 19. Rad1 Nc7 20. Nh4 Qf7 21. g4 Nb8
22. Bc1 Be6 23. Nxf5 Bxf5 24. gxf5 Nd7 25. Rd6 Nf6 26. Ne4 Nb5 27. Rd3 Nd4 28.
Qd1 Nxf5 29. Nd6 Nxd6 30. Rxd6 Rae8 31. Be3 Qg6 32. Kh1 Qf5 33. Qe2 Kh8 34. Bc1
e4 35. Bb2 Nd5 36. Rxh6+ Kg8 37. Bxg7 Kxg7 38. Rh5 Qg6 39. Rg1 Rxf2 40. Qxf2
Qxh5 41. Bf3+ 1-0

[Event "Calvia Amateur Open"]
[Site "Mallorca"]
[Date "2008.10.10"]
[Round "1.5"]
[White "Miranda Gonzalez, Jose Luis"]
[Black "Tscharotschkin, Michael"]
[Result "0-1"]
[WhiteElo "1994"]
[BlackElo "2263"]
[PlyCount "121"]
[EventDate "2008.10.10"]
[EventType "swiss"]
[EventRounds "9"]
[EventCountry "ESP"]

1. e4 c5 2. c3 Nf6 3. e5 Nd5 4. d4 cxd4 5. Nf3 e6 6. cxd4 d6 7. Nc3 Nxc3 8.
bxc3 Nd7 9. exd6 Bxd6 10. Bd3 Qc7 11. Bd2 b6 12. O-O Bb7 13. h3 h6 14. Qe2 O-O
15. Rfe1 Bf4 16. Bxf4 Qxf4 17. Be4 Bxe4 18. Qxe4 Qxe4 19. Rxe4 Rac8 20. Re3 Nf6
21. Rd3 Nd5 22. Rc1 Rc7 23. Nd2 Nb4 24. Rf3 Nxa2 25. Rc2 Nb4 26. Rb2 Nc6 27.
Nb3 Rfc8 28. c4 e5 29. c5 Nxd4 30. Nxd4 exd4 31. cxb6 axb6 32. Rd3 Rc1+ 33. Kh2
R8c6 34. Rxd4 R1c2 35. Rd8+ Kh7 36. Rxc2 Rxc2 37. Kg3 Rc6 38. Rd5 Kg6 39. Kf4
Kf6 40. Ke4 Ke6 41. Rb5 Kd7 42. g4 Rd6 43. Ke5 Re6+ 44. Kd4 Kc6 45. Rb3 Rf6 46.
Rg3 Rxf2 47. g5 hxg5 48. Rxg5 Rf4+ 49. Kc3 g6 50. Rg3 Kd5 51. Rg5+ Ke4 52. Kb4
Kf3+ 53. Kc3 Rh4 54. Rb5 Rxh3 55. Rxb6 Kg4+ 56. Kd4 Rf3 57. Ke4 f5+ 58. Ke5 g5
59. Rb4+ f4 60. Rb1 Re3+ 61. Kf6 0-1

[Event "Calvia Amateur Open"]
[Site "Mallorca"]
[Date "2008.10.10"]
[Round "1.6"]
[White "Gaya Llodra, Juan"]
[Black "Zalba Esteban, Peio"]
[Result "1-0"]
[WhiteElo "2257"]
[BlackElo "1989"]
[PlyCount "43"]
[EventDate "2008.10.10"]
[EventType "swiss"]
[EventRounds "9"]
[EventCountry "ESP"]

1. d4 d5 2. Nf3 Nf6 3. g3 c5 4. Bg2 Nc6 5. O-O Bg4 6. Ne5 Nxd4 7. Nxg4 Nxg4 8.
e3 Nf6 9. exd4 e6 10. c4 Be7 11. cxd5 Nxd5 12. Nc3 Nxc3 13. bxc3 O-O 14. Rb1
Rb8 15. Qg4 Re8 16. Bf4 Bd6 17. Rxb7 Rxb7 18. Bc6 Bxf4 19. Qxf4 Rb2 20. Bxe8
Qxe8 21. Qc7 Rxa2 22. Rb1 1-0

[Event "Calvia Amateur Open"]
[Site "Mallorca"]
[Date "2008.10.10"]
[Round "1.7"]
[White "Marques Mora, Antonio"]
[Black "Lopez Colon, Francisco"]
[Result "1/2-1/2"]
[WhiteElo "1989"]
[BlackElo "2249"]
[PlyCount "69"]
[EventDate "2008.10.10"]
[EventType "swiss"]
[EventRounds "9"]
[EventCountry "ESP"]

1. d4 c5 2. d5 e5 3. e4 d6 4. c4 Be7 5. Nf3 Nf6 6. Nc3 O-O 7. Be2 Ne8 8. O-O f5
9. Qb3 f4 10. h3 g6 11. Bd2 Nc7 12. Nh2 h5 13. Qd1 Nd7 14. a3 a6 15. b4 Qe8 16.
Na4 b6 17. bxc5 bxc5 18. Rb1 Bd8 19. Qe1 Nf6 20. Bd1 g5 21. Nb6 Rb8 22. Ba4 Qg6
23. Nxc8 Rxc8 24. f3 g4 25. hxg4 hxg4 26. Nxg4 Nxg4 27. fxg4 Qxg4 28. Bd1 Qg6
29. Qe2 Bh4 30. Be1 Bg3 31. Bxg3 fxg3 32. Qg4 Rxf1+ 33. Kxf1 Rf8+ 34. Ke1 Qg7
35. Rb7 1/2-1/2

[Event "Calvia Amateur Open"]
[Site "Mallorca"]
[Date "2008.10.10"]
[Round "1.8"]
[White "Ehsan, Ali"]
[Black "Loerke, Reinhard"]
[Result "1-0"]
[WhiteElo "2241"]
[BlackElo "1987"]
[PlyCount "81"]
[EventDate "2008.10.10"]
[EventType "swiss"]
[EventRounds "9"]
[EventCountry "ESP"]

1. e4 e5 2. Nf3 Nc6 3. Bc4 Nf6 4. d3 h6 5. O-O Be7 6. Nc3 d6 7. h3 Be6 8. Bb5
O-O 9. d4 Nxd4 10. Nxd4 exd4 11. Qxd4 c6 12. Be2 Nd7 13. Be3 c5 14. Qd2 Ne5 15.
Nd5 f5 16. exf5 Bxf5 17. Rad1 Nf7 18. Rfe1 Bf6 19. c3 a6 20. Bd3 Bxd3 21. Qxd3
Ne5 22. Qe4 b5 23. Nf4 Qe7 24. Qd5+ Kh7 25. b3 a5 26. Qxd6 Qxd6 27. Rxd6 Nf3+
28. gxf3 Be5 29. Bxc5 Bxf4 30. Rd7 Rf5 31. Bd4 Rg5+ 32. Kf1 Ra6 33. h4 Rgg6 34.
Ree7 h5 35. Bxg7 Bd6 36. Rf7 Kg8 37. Bd4 a4 38. Rf5 Ra8 39. Rxh5 Kf8 40. Rh8+
Rg8 41. Bg7+ 1-0

[Event "Calvia Amateur Open"]
[Site "Mallorca"]
[Date "2008.10.10"]
[Round "1.9"]
[White "Abadia Pascual, Luis"]
[Black "Fruebing, Thomas"]
[Result "1/2-1/2"]
[WhiteElo "1982"]
[BlackElo "2241"]
[PlyCount "40"]
[EventDate "2008.10.10"]
[EventType "swiss"]
[EventRounds "9"]
[EventCountry "ESP"]

1. e4 e6 2. d4 d5 3. Nc3 Bb4 4. e5 Ne7 5. Qg4 Nf5 6. Bd3 h5 7. Qf4 Nc6 8. Nge2
Be7 9. Be3 Nb4 10. O-O-O g5 11. Qf3 Nxd3+ 12. Rxd3 g4 13. Qf4 Rg8 14. h3 Bg5
15. Qh2 Bxe3+ 16. fxe3 g3 17. Qg1 Qh4 18. Nb5 Kd8 19. Qe1 Bd7 20. Nbc3 Bc6
1/2-1/2

[Event "Calvia Amateur Open"]
[Site "Mallorca"]
[Date "2008.10.10"]
[Round "1.10"]
[White "Galiana Salom, Juan Ramon"]
[Black "Rautanen, Sari"]
[Result "1-0"]
[WhiteElo "2223"]
[BlackElo "1981"]
[PlyCount "60"]
[EventDate "2008.10.10"]
[EventType "swiss"]
[EventRounds "9"]
[EventCountry "ESP"]

1. e4 g6 2. d4 Bg7 3. Nc3 c6 4. Bc4 d6 5. Qf3 e6 6. d5 Nf6 7. Bg5 h6 8. Bh4 e5
9. dxc6 bxc6 10. Qd3 Qc7 11. O-O-O Ke7 12. f4 Nbd7 13. Nf3 Rd8 14. fxe5 dxe5
15. Rhf1 Bb7 16. Bb3 Nc5 17. Qc4 Nxb3+ 18. Qxb3 Kf8 19. Rxd8+ Rxd8 20. Bg3 Ng4
21. h3 Ne3 22. Rf2 Ba6 23. Qa3+ Qd6 24. Qxd6+ Rxd6 25. Bxe5 Rd7 26. Bxg7+ Kxg7
27. Ne5 Rc7 28. b3 f6 29. Nd3 f5 30. Nc5 Bc8 1-0

[Event "Calvia Amateur Open"]
[Site "Mallorca"]
[Date "2008.10.10"]
[Round "1.11"]
[White "Pulido Sancho, Alfredo"]
[Black "Avila Jimenez, Javier"]
[Result "0-1"]
[WhiteElo "1978"]
[BlackElo "2217"]
[PlyCount "30"]
[EventDate "2008.10.10"]
[EventType "swiss"]
[EventRounds "9"]
[EventCountry "ESP"]

1. d4 Nf6 2. Nf3 d5 3. c4 c6 4. cxd5 cxd5 5. Nc3 Nc6 6. Bf4 a6 7. Rc1 Qb6 8.
Na4 Qa5+ 9. Bd2 Qd8 10. e3 Ne4 11. Qb3 e6 12. Nb6 Nxd2 13. Kxd2 Bb4+ 14. Kd1
Qxb6 15. a3 Bc5 0-1

[Event "Calvia Amateur Open"]
[Site "Mallorca"]
[Date "2008.10.10"]
[Round "1.12"]
[White "Eriksson, Jorgen"]
[Black "Mejias Gonzalez, Javier"]
[Result "1-0"]
[WhiteElo "2217"]
[BlackElo "1973"]
[PlyCount "81"]
[EventDate "2008.10.10"]
[EventType "swiss"]
[EventRounds "9"]
[EventCountry "ESP"]

1. d4 g6 2. c4 Bg7 3. Nf3 Nf6 4. Nc3 d6 5. e4 O-O 6. Be2 c5 7. O-O cxd4 8. Nxd4
Nc6 9. Be3 Bd7 10. Rc1 e6 11. Ndb5 Ne8 12. Nxd6 Nxd6 13. Qxd6 Be5 14. Qd2 Qe7
15. f4 Bg7 16. Rfd1 Rfd8 17. Qe1 Be8 18. e5 f6 19. exf6 Bxf6 20. b3 Nd4 21. Ne4
Nxe2+ 22. Qxe2 Bc6 23. Bc5 Qg7 24. Nxf6+ Qxf6 25. Bd6 Qf5 26. Qe5 Qe4 27. Qxe4
Bxe4 28. Rd4 Bf5 29. b4 a6 30. a4 Rac8 31. c5 Kf7 32. b5 axb5 33. axb5 Ra8 34.
c6 bxc6 35. bxc6 e5 36. fxe5 Ra2 37. c7 Rda8 38. Rf4 Ra1 39. c8=Q Rxc8 40. Rxa1
Ke6 41. g4 1-0

[Event "Calvia Amateur Open"]
[Site "Mallorca"]
[Date "2008.10.10"]
[Round "1.13"]
[White "Helin, Mikael"]
[Black "Martinez Vicario, Jose Maria"]
[Result "0-1"]
[WhiteElo "1967"]
[BlackElo "2214"]
[PlyCount "44"]
[EventDate "2008.10.10"]
[EventType "swiss"]
[EventRounds "9"]
[EventCountry "ESP"]

1. e4 d5 2. d4 dxe4 3. Nc3 Nf6 4. f3 exf3 5. Nxf3 Bg4 6. Bc4 e6 7. O-O Be7 8.
Kh1 O-O 9. Qe1 Nc6 10. Qh4 Bf5 11. Bg5 h6 12. Bxh6 gxh6 13. Qxh6 Ng4 14. Qh5
Kg7 15. Nh4 Bxh4 16. Ne4 Rh8 17. Rxf5 Rxh5 18. Rxh5 Kg6 19. Rc5 Qxd4 20. Bd3 f5
21. Rc4 Qe3 22. Rf1 Nce5 0-1

[Event "Calvia Amateur Open"]
[Site "Mallorca"]
[Date "2008.10.10"]
[Round "1.14"]
[White "Spence, David J"]
[Black "Alvarez Pedrosa, Valeriano"]
[Result "1-0"]
[WhiteElo "2214"]
[BlackElo "1942"]
[PlyCount "49"]
[EventDate "2008.10.10"]
[EventType "swiss"]
[EventRounds "9"]
[EventCountry "ESP"]

1. e4 c5 2. c3 Nf6 3. e5 Nd5 4. d4 cxd4 5. Nf3 e6 6. cxd4 a6 7. Bd3 Nc6 8. a3
d6 9. O-O dxe5 10. dxe5 Be7 11. Re1 b5 12. Re4 Bb7 13. Rg4 Qc7 14. Qe1 Kf8 15.
Nc3 Nxc3 16. Qxc3 Rc8 17. b4 h5 18. Re4 Qd8 19. Qb3 g5 20. Bb2 g4 21. Nd4 Qb6
22. Nxe6+ fxe6 23. Qxe6 Ke8 24. Rd1 Rf8 25. Rd4 1-0

[Event "Calvia Amateur Open"]
[Site "Mallorca"]
[Date "2008.10.10"]
[Round "1.15"]
[White "Gilabert Mallol, Estanislau"]
[Black "Hutchinson, Paul A"]
[Result "0-1"]
[WhiteElo "1936"]
[BlackElo "2213"]
[PlyCount "44"]
[EventDate "2008.10.10"]
[EventType "swiss"]
[EventRounds "9"]
[EventCountry "ESP"]

1. e4 Nc6 2. Nf3 d5 3. e5 Bg4 4. d4 Bxf3 5. gxf3 e6 6. c3 Qd7 7. Bb5 a6 8. Ba4
Nge7 9. Nd2 Nf5 10. Nf1 Be7 11. Ng3 g6 12. Nxf5 exf5 13. Bh6 Qe6 14. f4 O-O-O
15. Qe2 Na5 16. b4 Nc4 17. Bb3 Qc6 18. Bxc4 dxc4 19. O-O-O a5 20. bxa5 Rd5 21.
Rhg1 Qa4 22. Rd2 Qa3+ 0-1

[Event "Calvia Amateur Open"]
[Site "Mallorca"]
[Date "2008.10.10"]
[Round "1.17"]
[White "Mozelius, Peter"]
[Black "Walton, Alan J"]
[Result "1/2-1/2"]
[WhiteElo "1922"]
[BlackElo "2193"]
[PlyCount "79"]
[EventDate "2008.10.10"]
[EventType "swiss"]
[EventRounds "9"]
[EventCountry "ESP"]

1. d4 e6 2. f4 b6 3. Nf3 Bb7 4. e3 c5 5. c3 Nf6 6. Bd3 Be7 7. O-O O-O 8. Nbd2
d5 9. Ne5 Ne4 10. Qf3 Nxd2 11. Bxd2 f6 12. Qh3 f5 13. g4 Ba6 14. Bxa6 Nxa6 15.
g5 Bd6 16. Nf3 b5 17. Rf2 b4 18. Rg2 Rc8 19. g6 h6 20. Ng5 Qe7 21. Nf7 bxc3 22.
Bxc3 c4 23. Be1 Qc7 24. Bh4 Rxf7 25. gxf7+ Qxf7 26. Be1 Kh7 27. a3 Rb8 28. Kh1
Nc7 29. Bh4 Rb3 30. Bg5 Nb5 31. Qh4 Rxe3 32. Rag1 Bf8 33. Be7 Nxd4 34. Bxf8
Qxf8 35. Rxg7+ Qxg7 36. Rxg7+ Kxg7 37. Qe7+ Kg6 38. Qe8+ Kg7 39. Qe7+ Kg6 40.
Qe8+ 1/2-1/2

[Event "Calvia Amateur Open"]
[Site "Mallorca"]
[Date "2008.10.10"]
[Round "1.17"]
[White "Mozelius, Peter"]
[Black "Walton, Alan J"]
[Result "1/2-1/2"]
[WhiteElo "1922"]
[BlackElo "2193"]
[PlyCount "80"]
[EventDate "2008.10.10"]
[EventType "swiss"]
[EventRounds "9"]
[EventCountry "ESP"]

1. d4 e6 2. f4 b6 3. Nf3 Bb7 4. e3 c5 5. c3 Nf6 6. Bd3 Be7 7. O-O O-O 8. Nbd2
d5 9. Ne5 Ne4 10. Qf3 Nxd2 11. Bxd2 f6 12. Qh3 f5 13. g4 Ba6 14. Bxa6 Nxa6 15.
g5 Bd6 16. Nf3 b5 17. Rf2 b4 18. Rg2 Rc8 19. g6 h6 20. Ng5 Qe7 21. Nf7 bxc3 22.
Bxc3 c4 23. Be1 Qc7 24. Bh4 Rxf7 25. gxf7+ Qxf7 26. Be1 Kh7 27. a3 Rb8 28. Kh1
Nc7 29. Bh4 Rb3 30. Bg5 Nb5 31. Qh4 Rxe3 32. Rag1 Bf8 33. Be7 Nxd4 34. Bxf8
Qxf8 35. Rxg7+ Qxg7 36. Rxg7+ Kxg7 37. Qe7+ Kg6 38. Qe8+ Kg7 39. Qe7+ Kg6 40.
Qe8+ Kg7 1/2-1/2

[Event "Calvia Amateur Open"]
[Site "Mallorca"]
[Date "2008.10.10"]
[Round "1.20"]
[White "Lacrosse, Marc"]
[Black "Mimbrero Cuello, Diego"]
[Result "1-0"]
[WhiteElo "2181"]
[BlackElo "1846"]
[PlyCount "65"]
[EventDate "2008.10.10"]
[EventType "swiss"]
[EventRounds "9"]
[EventCountry "ESP"]

1. d4 d6 2. c4 Nf6 3. Nc3 g6 4. e4 Bg7 5. Nf3 O-O 6. Be2 e5 7. dxe5 dxe5 8.
Qxd8 Rxd8 9. Bg5 Re8 10. Nd5 Nxd5 11. cxd5 f5 12. Rc1 h6 13. Be3 fxe4 14. Nd2
c6 15. Nxe4 cxd5 16. Nd6 Bd7 17. Nxe8 Bxe8 18. Rc8 Kf7 19. Bg4 d4 20. Bd2 Bc6
21. O-O h5 22. Bh3 Bf6 23. Rc1 g5 24. Bf5 Be7 25. f3 Kf6 26. Be4 Ke6 27. h3 g4
28. hxg4 hxg4 29. Kf2 gxf3 30. gxf3 Bd7 31. Bxb7 Bxc8 32. Rxc8 Kd7 33. Rc1 1-0

[Event "Calvia Amateur Open"]
[Site "Mallorca"]
[Date "2008.10.10"]
[Round "1.26"]
[White "Persson, Stellan"]
[Black "De Los Heros Torres, Francisco"]
[Result "1-0"]
[WhiteElo "2133"]
[BlackElo "1732"]
[PlyCount "46"]
[EventDate "2008.10.10"]
[EventType "swiss"]
[EventRounds "9"]
[EventCountry "ESP"]

1. c4 Nf6 2. d4 e6 3. Nc3 d5 4. Nf3 c5 5. e3 Nc6 6. cxd5 exd5 7. Bb5 a6 8.
Bxc6+ bxc6 9. O-O Bd6 10. Ne5 Bxe5 11. dxe5 Nd7 12. f4 O-O 13. b3 Nb6 14. Ba3
Nd7 15. Rc1 Re8 16. Na4 Qa5 17. Bxc5 Nxc5 18. Rxc5 Qc7 19. Qxd5 cxd5 20. Rxc7
Bf5 21. Rd1 Red8 22. Nb6 Be4 23. Nxa8 Rxa8 1-0

[Event "Calvia Amateur Open"]
[Site "Mallorca"]
[Date "2008.10.10"]
[Round "1.29"]
[White "Llaneras Henarejos, Miguel"]
[Black "Schuermans, Robert"]
[Result "0-1"]
[WhiteElo "1677"]
[BlackElo "2128"]
[PlyCount "40"]
[EventDate "2008.10.10"]
[EventType "swiss"]
[EventRounds "9"]
[EventCountry "ESP"]

1. f4 c5 2. Nf3 Nc6 3. e3 g6 4. Be2 Bg7 5. O-O Nf6 6. d3 d5 7. c3 Qc7 8. Qe1 e5
9. fxe5 Nxe5 10. Nbd2 Nfg4 11. Nxe5 Bxe5 12. Bxg4 Bxg4 13. h3 Bg3 14. Rxf7 Kxf7
15. Qf1+ Bf5 16. e4 Rae8 17. Qf3 Kg7 18. Nf1 Bxe4 19. dxe4 Rhf8 20. Qe3 Bf2+
0-1

[Event "Calvia Amateur Open"]
[Site "Mallorca"]
[Date "2008.10.10"]
[Round "1.32"]
[White "Munar Rossello, Pedro"]
[Black "Febrero Perez, Lluis"]
[Result "1-0"]
[WhiteElo "2098"]
[BlackElo "1643"]
[PlyCount "45"]
[EventDate "2008.10.10"]
[EventType "swiss"]
[EventRounds "9"]
[EventCountry "ESP"]

1. e4 e5 2. Nf3 Nc6 3. d4 exd4 4. Nxd4 Qh4 5. Nb5 Kd8 6. Bd3 a6 7. N5c3 Bd6 8.
Nd2 Ne5 9. Nf3 Nxf3+ 10. Qxf3 Nf6 11. Bd2 Ng4 12. g3 Nxh2 13. Qg2 Bxg3 14. fxg3
Qg4 15. Qxh2 d6 16. Qh4+ f6 17. Qxg4 Bxg4 18. Nd5 h5 19. Bc3 Kd7 20. Be2 Bxe2
21. Kxe2 Rae8 22. Kd3 c6 23. Nf4 1-0

[Event "Calvia Amateur Open"]
[Site "Mallorca"]
[Date "2008.10.10"]
[Round "1.34"]
[White "Valls Casas, Jordi"]
[Black "Gomez Lozano, Santiago"]
[Result "1-0"]
[WhiteElo "2091"]
[BlackElo "1517"]
[PlyCount "49"]
[EventDate "2008.10.10"]
[EventType "swiss"]
[EventRounds "9"]
[EventCountry "ESP"]

1. d4 Nf6 2. Nf3 c5 3. d5 g6 4. g3 Bg7 5. Bg2 O-O 6. c4 b5 7. cxb5 d6 8. Nc3 a6
9. O-O Nbd7 10. Re1 Nb6 11. e4 Bg4 12. h3 Bd7 13. bxa6 Qc8 14. Kh2 Qxa6 15. e5
Ne8 16. Bg5 f6 17. exf6 exf6 18. Bf4 Na4 19. Nxa4 Bxa4 20. Qc1 Nc7 21. b3 Bb5
22. a4 Bd3 23. Bh6 Rfb8 24. Bxg7 Kxg7 25. Re7+ 1-0

[Event "Calvia Amateur Open"]
[Site "Mallorca"]
[Date "2008.10.11"]
[Round "2.1"]
[White "Massanet Massanet, Sebastian"]
[Black "Persson, Stellan"]
[Result "1-0"]
[WhiteElo "2299"]
[BlackElo "2133"]
[PlyCount "139"]
[EventDate "2008.10.10"]
[EventType "swiss"]
[EventRounds "9"]
[EventCountry "ESP"]

1. e4 c5 2. Nf3 d6 3. d4 cxd4 4. Nxd4 Nf6 5. Nc3 Nc6 6. Bg5 e6 7. Qd2 a6 8.
O-O-O h6 9. Bf4 Ne5 10. Nf3 Be7 11. Nxe5 dxe5 12. Bxe5 O-O 13. Bd6 Bxd6 14.
Qxd6 Qa5 15. Kb1 b5 16. e5 Nd5 17. Nxd5 exd5 18. Bd3 Be6 19. f4 Rad8 20. Qa3
Qxa3 21. bxa3 g6 22. Rhg1 Kg7 23. g4 Bc8 24. Rde1 Rfe8 25. g5 h5 26. Rd1 Bg4
27. Rd2 Rc8 28. Rg3 Rc5 29. Kb2 Rec8 30. Re3 Be6 31. Rf3 Rc3 32. Rdf2 Bg4 33.
Re3 R8c7 34. Re1 R3c5 35. Rc1 R7c6 36. Rd2 Be6 37. Rf2 Rc7 38. Rd1 Bg4 39. Rdd2
Be6 40. Bf1 Kf8 41. Rd4 Ke7 42. Rfd2 Bf5 43. Bd3 Be6 44. Rb4 Bd7 45. Rd4 Bg4
46. a4 Ke6 47. axb5 axb5 48. Rb4 Bf5 49. Rxb5 Rxb5+ 50. Bxb5 Rb7 51. a4 Be4 52.
Kb3 Kf5 53. Rf2 Kg4 54. Kc3 Bf3 55. Kd4 h4 56. c3 h3 57. Bf1 Be4 58. a5 Ra7 59.
a6 Bg2 60. Be2+ Kf5 61. Bd3+ Be4 62. Bb5 Ke6 63. c4 Bg2 64. c5 Ke7 65. c6 Kd8
66. Kc5 Kc7 67. f5 Be4 68. fxg6 Bxg6 69. Rf6 Ra8 70. e6 1-0

[Event "Calvia Amateur Open"]
[Site "Mallorca"]
[Date "2008.10.11"]
[Round "2.2"]
[White "Diez Fraile, Mariano"]
[Black "Scherer, Helmut"]
[Result "1-0"]
[WhiteElo "2131"]
[BlackElo "2299"]
[PlyCount "45"]
[EventDate "2008.10.10"]
[EventType "swiss"]
[EventRounds "9"]
[EventCountry "ESP"]

1. e4 e5 2. Nf3 Nc6 3. Nc3 Nf6 4. d4 exd4 5. Nxd4 Bb4 6. Nxc6 bxc6 7. Bd3 O-O
8. O-O Re8 9. Bg5 h6 10. Bh4 Be7 11. Qf3 d6 12. h3 Nd7 13. Bxe7 Qxe7 14. Qg3
Qg5 15. Qh2 Rb8 16. Rab1 Nc5 17. f4 Qf6 18. Qg3 Rb4 19. a3 Rb6 20. Qe3 Bf5 21.
e5 Nxd3 22. Qxb6 dxe5 23. Qe3 1-0

[Event "Calvia Amateur Open"]
[Site "Mallorca"]
[Date "2008.10.11"]
[Round "2.3"]
[White "Schuermans, Robert"]
[Black "Barcelo Pujadas, Pedro Jose"]
[Result "1/2-1/2"]
[WhiteElo "2128"]
[BlackElo "2269"]
[PlyCount "81"]
[EventDate "2008.10.10"]
[EventType "swiss"]
[EventRounds "9"]
[EventCountry "ESP"]

1. e4 e6 2. d4 d5 3. Nc3 Nf6 4. Bg5 Bb4 5. e5 h6 6. Bd2 Bxc3 7. bxc3 Ne4 8. Qg4
g6 9. Bd3 Nxd2 10. Kxd2 c5 11. Nf3 Bd7 12. h4 Qe7 13. Qf4 Bc6 14. Nh2 Nd7 15.
Ng4 O-O-O 16. Nxh6 f5 17. exf6 Nxf6 18. Ng4 Ne4+ 19. Bxe4 dxe4 20. Ne5 cxd4 21.
Nxc6 bxc6 22. Qxe4 dxc3+ 23. Ke1 Qc5 24. Rh3 Rhf8 25. Re3 Rf6 26. Rd1 Rxd1+ 27.
Kxd1 Qb5 28. Rxc3 Qf1+ 29. Qe1 Qxg2 30. f3 e5 31. Qxe5 Qh1+ 32. Qe1 Rd6+ 33.
Rd3 Qxf3+ 34. Qe2 Rxd3+ 35. cxd3 Qf7 36. Qg4+ Kc7 37. a4 Qf1+ 38. Kc2 Qf2+ 39.
Kb3 Qf7+ 40. Kc3 Qf6+ 41. Kb3 1/2-1/2

[Event "Calvia Amateur Open"]
[Site "Mallorca"]
[Date "2008.10.11"]
[Round "2.4"]
[White "Tscharotschkin, Michael"]
[Black "Minescu, Dragos Olivar"]
[Result "1/2-1/2"]
[WhiteElo "2263"]
[BlackElo "2130"]
[PlyCount "77"]
[EventDate "2008.10.10"]
[EventType "swiss"]
[EventRounds "9"]
[EventCountry "ESP"]

1. e4 c5 2. c3 b6 3. d4 Bb7 4. Bd3 g6 5. Nf3 Bg7 6. Be3 Nf6 7. Nbd2 d6 8. dxc5
dxc5 9. Qc2 O-O 10. O-O Qc7 11. Rfe1 Nc6 12. Nf1 Rad8 13. Rad1 Rd7 14. Ng3 Rfd8
15. Qe2 Ng4 16. Bc2 Rxd1 17. Rxd1 Rxd1+ 18. Bxd1 Nxe3 19. Qxe3 Qd6 20. Qd2 Qxd2
21. Nxd2 Ne5 22. Be2 Bh6 23. Ngf1 Bxd2 24. Nxd2 g5 25. f3 e6 26. Kf2 f5 27. Nc4
Nxc4 28. Bxc4 fxe4 29. Bxe6+ Kg7 30. Ke3 exf3 31. gxf3 Kf6 32. Bg8 h5 33. f4 g4
34. Bc4 h4 35. Be2 Kf5 36. Bd3+ Kf6 37. Be2 Kf5 38. Bf1 Kf6 39. Be2 1/2-1/2

[Event "Calvia Amateur Open"]
[Site "Mallorca"]
[Date "2008.10.11"]
[Round "2.5"]
[White "Horton-Kitchlew, Andrew"]
[Black "Gaya Llodra, Juan"]
[Result "0-1"]
[WhiteElo "2108"]
[BlackElo "2257"]
[PlyCount "86"]
[EventDate "2008.10.10"]
[EventType "swiss"]
[EventRounds "9"]
[EventCountry "ESP"]

1. e4 e6 2. d4 d5 3. Nd2 Nf6 4. e5 Nfd7 5. c3 c5 6. Ngf3 Nc6 7. Bb5 cxd4 8.
Nxd4 Nxd4 9. cxd4 Qb6 10. Qa4 a6 11. Bd3 Qb4 12. Qxb4 Bxb4 13. a3 Be7 14. Nb3
f6 15. f4 fxe5 16. fxe5 O-O 17. Bd2 Nb8 18. Rc1 Nc6 19. Ke2 Bd7 20. g4 a5 21.
Be3 b6 22. h4 a4 23. Nd2 Rab8 24. Nf3 b5 25. Ng5 Bxg5 26. hxg5 g6 27. Rh6 Be8
28. Rch1 Rb7 29. Bc2 b4 30. Kd2 bxa3 31. bxa3 Na5 32. Ke2 Bb5+ 33. Ke1 Rbf7 34.
Bg1 Nb3 35. Bxb3 axb3 36. R6h2 Rc8 37. Rb2 Rc3 38. Kd2 Rd3+ 39. Ke1 Rf1+ 40.
Kxf1 Rd2+ 41. Ke1 Rxb2 42. Rh3 Bc4 43. Be3 Re2+ 0-1